000 00266nam a22001097a 4500
008 160511b xxu||||| |||| 00| 0 eng d
020 _a002571125
041 _aeng
080 _a61
245 _aThe medical clinics of north america:
_cR.K. THakur MD;
942 _2udc
_cBK
999 _c2051
_d2051